In quale squadra NON ha giocato? - Quiz n°17 - Statistics

Statistiche generali
  • Questo quiz è stato fatto 11 volte
  • Il punteggio medio è 4 su 6
Statistiche sulle risposte
Domanda Risposta % Corretto
Antonio Di Natale Napoli
100%
Luis Muriel Betis Siviglia
80%
Seko Fofana Brighton
80%
Simone Verdi Fiorentina
60%
Careca Fluminense
60%
Moreno Torricelli Siena
40%
Nessun quiz corrispondente trovato
Distribuzione punteggi
Percentuale di utenti per punteggio
Percentile per numero di risposta
I tuoi punteggi nel tempo
Non hai fatto questo quiz